000 00687nam a2200241Ia 4500
003 OSt
005 20220918214852.0
006 a|||||r|||| 00| 0
007 ta
008 220917b |||||||| |||| 00| 0 eng d
024 _a139,220
037 _cTextual
040 _aARTS
_cARTS
_beng
041 _2eng
_aeng
082 _aY:5:(X:75), L0
100 _aApthorpe Raympnd ed
_9132666
245 0 _aPeople planning and development studies
_b some reflections on social planning
260 _aLondon
_bFrank Cass
_c1970
300 _aviii,168p.
_ccm.
650 _aSOCIOLOGY
942 _hY:5:(X:75), L0
_cTEXL
_2CC
999 _c262222
_d262222